| Поле | Название | Значение |
| |
Тип записи |
a |
| |
Библиографический уровень |
m |
| 001 |
Контрольный номер |
LIBNET\0000330285 |
| 005 |
Дата корректировки |
20230707133328.0 |
| 010 |
Индекс ISBN |
__ |
| a |
ISBN |
978-5-373-04308-3 |
| d |
Цена |
364-32 |
| 100 |
Данные общей обработки |
__ |
| a |
Данные общей обработки |
19130404d2013####|||y0rusy0189 ca |
| 101 |
Язык документа |
__ |
| a |
Язык текста |
rus |
| 102 |
Страна публикации |
__ |
| a |
Страна публикации |
RU |
| 102 |
Страна публикации |
__ |
| a |
Страна публикации |
RU |
| 105 |
Кодированные данные (монография) |
__ |
| a |
Кодированные данные (монография) |
ac##z###000zy |
| 200 |
Заглавие и сведения об ответственности |
__ |
| a |
Заглавие |
Три любви Петра Великого |
| e |
Сведения, относящиеся к заглавию |
[роман] |
| f |
Первые сведения об ответственности |
Даниил Гранин |
| 210 |
Выходные данные |
__ |
| a |
Место издания |
Москва |
| c |
Издательство |
ОЛМА Медиа Групп |
| d |
Дата издания |
2013 |
| 215 |
Физическое описание |
__ |
| a |
Объем |
509, [1] с. |
| c |
Иллюстрации/тип воспроизводства |
ил., портр. |
| 606 |
Тематические рубрики |
__ |
| a |
Основная рубрика |
Художественная литература |
| 606 |
Тематические рубрики |
__ |
| a |
Основная рубрика |
Современная русская литература (произведения) |
| 610 |
Ключевые слова |
__ |
| a |
Ключевые слова |
русская современная литература |
| 610 |
Ключевые слова |
__ |
| a |
Ключевые слова |
романы |
| 675 |
Индекс УДК |
__ |
| v |
Издание УДК |
4 |
| 686 |
Индексы других классификаций |
__ |
| 2 |
Код системы |
rubbk |
| a |
Индекс ББК |
84(2Рос=Рус)6-4 |
| 700 |
Автор |
_1 |
| a |
Фамилия |
Гранин |
| b |
Имя |
Д. А. |
| f |
Даты |
1919- |
| g |
Полное личное имя |
Даниил Александрович |
| 801 |
Источник записи |
_0 |
| a |
Страна |
RU |
| b |
Организация |
НБР Саха |
| c |
Дата составления |
20130404 |
| 801 |
Источник записи |
_1 |
| a |
Страна |
RU |
| b |
Организация |
НБР Саха |
| c |
Дата составления |
20130404 |
| 801 |
Источник записи |
_2 |
| a |
Страна |
RU |
| b |
Организация |
Центральная районная библиотека им. Г. А. Пирожникова |
| c |
Дата составления |
20130404 |
| 852 |
Данные о местонахождении |
__ |
| j |
Шифр хранения |
84(2Рос=Рус)6 |
| i |
Авторский знак |
Г 77 |
| b |
Сигла хранения |
ООЧ; 19 |
| 901 |
Тип документа |
__ |
| t |
Тип документа |
m |
| 902 |
Роль лиц |
__ |
| a |
Создатель БЗ |
ОКиО/Ковалева Е. |
| 990 |
Данные о заказе (DOS) |
__ |
| j |
Количество экземпляров (DOS) |
2 |
| h |
N записи в КСУ для Б/У (DOS) |
2014-2 |